000 00651nam a2200241 i 4500
001 bgj
100 1 _aVater, Heinz.
245 1 0 _aEinführung in die Sprachwissenschaft /
_cHeinz Vater.
250 _a4. Auflage.
260 _aMünchen :
_bWilhelm Fink Verlag,
_c2002.
300 _a336 S. :
_bDiagrammm ;
_c19 cm.
490 1 _aUTB für Wissenschaft ;
_v1799
504 _aBibliographie S. 298-321.
505 _aRegister.
650 9 _aLinguistik
830 _aUTB für Wissenschaft ;
020 _a382521799X
040 _cBPK
041 0 _ager
920 _a3-8252-1799-X
942 _cKS
008 s gw f |000 0 ger
999 _c49406
_d49406
856 _uhttp://koha.tu.koszalin.pl/cgi-bin/koha/opac-detail.pl?biblionumber=49406
_yKatalog online BPK